Articulos historico-literarios /
Guardado en:
| Autor Principal: | |
|---|---|
| Formato: | Libro |
| Publicado: |
Valladolid :
Imp. Castellana,
1916
|
| Materias: | |
| Etiquetas: |
Agregar Etiqueta
Sin Etiquetas, Sea el primero en etiquetar este registro!
|
| LEADER | 00500nam a22001575a 4500 | ||
|---|---|---|---|
| 001 | EHU.bham017621 | ||
| 003 | AR-BHAM | ||
| 005 | 20100625033204.0 | ||
| 008 | 130507s1916##################000#0#####d | ||
| 082 | 8 | 6 | |a 860.9 |
| 100 | 1 | |a Alonso Cortes, Narciso | |
| 245 | 1 | 0 | |a Articulos historico-literarios / |c Narciso Alonso Cortes |
| 260 | |a Valladolid : |b Imp. Castellana, |c 1916 | ||
| 300 | |a 224 p. | ||
| 653 | |a Literatura espaÑola-historia | ||
| 859 | |a AR-BHAM |b BIB. HUMANIDADES - Arturo Marasso |h 860.9 |i Al72 |p 1583.57 |t Ej.1 |v M | ||
